5HLuxD.jpg

KING HENRY VIII SENIOR AND PRIMARY SCHOOL LIBRARY OPAC

The five people you meet in heaven / (Record no. 740)

000 -LEADER
fixed length control field 00693cam a2200241 4500
001 - CONTROL NUMBER
control field .b13125722
003 - CONTROL NUMBER IDENTIFIER
control field OCoLC
005 - DATE AND TIME OF LATEST TRANSACTION
control field 20191205163102.0
008 - FIXED-LENGTH DATA ELEMENTS--GENERAL INFORMATION
fixed length control field 050422r20042003enk 000 f eng d
020 ## - INTERNATIONAL STANDARD BOOK NUMBER
International Standard Book Number 0751536148
020 ## - INTERNATIONAL STANDARD BOOK NUMBER
International Standard Book Number 9780751536140
035 ## - SYSTEM CONTROL NUMBER
System control number (OCoLC)59264918
040 ## - CATALOGING SOURCE
Original cataloging agency UKV3G
Transcribing agency UKV3G
Modifying agency UKM
-- YDXCP
-- OCLCG
-- BTCTA
-- PTTCL
042 ## - AUTHENTICATION CODE
Authentication code nbic
082 ## - DEWEY DECIMAL CLASSIFICATION NUMBER
Classification number FIC ALB
100 1# - MAIN ENTRY--PERSONAL NAME
Personal name Albom, Mitch,
Dates associated with a name 1958-
Relator term author
245 14 - TITLE STATEMENT
Title The five people you meet in heaven /
Statement of responsibility, etc. Mitch Albom.
260 ## - PUBLICATION, DISTRIBUTION, ETC.
Place of publication, distribution, etc. London :
Name of publisher, distributor, etc. Little, Brown,
Date of publication, distribution, etc. 2003.
300 ## - PHYSICAL DESCRIPTION
Extent 231 p. ;
Dimensions 18 cm.
500 ## - GENERAL NOTE
General note Originally published: London: Little, Brown, 2003.
650 #0 - SUBJECT ADDED ENTRY--TOPICAL TERM
Topical term or geographic name entry element Future life
Form subdivision Fiction.
942 ## - ADDED ENTRY ELEMENTS (KOHA)
Source of classification or shelving scheme
Koha item type Books - Fiction
Holdings
Withdrawn status Lost status Source of classification or shelving scheme Damaged status Not for loan Collection code Permanent Location Current Location Shelving location Date acquired Total Checkouts Total Renewals Full call number Barcode Date last seen Date last checked out Price effective from Koha item type
          Fiction KH8 Senior School Library KH8 Senior School Library Fiction 2019-12-05 8 1 FIC ALB 3KHSL000101476 2025-10-17 2025-10-01 2019-12-05 Books - Fiction

Powered By KH8 IT Dept